000 00393nam a2200145 i 4500
001 bg
100 1 _aVOL, A. E.
245 0 _aStroenie i obojstva dvojnych metalliceskich sistem.
_nT. 3,
_pSistemy zolota, indija /
_cA.E. Vol, I.K. Kagon.
260 _aMoskwa,
_c1976.
700 1 _aKAGON, I. K.
040 _cBPK
041 _apol
942 _cKS
008 s pl f |000 0 pol
999 _c27865
_d27865
856 _uhttp://koha.tu.koszalin.pl/cgi-bin/koha/opac-detail.pl?biblionumber=27865
_yKatalog online BPK